[Event "Moron Luis Bronstein Memorial 7th"]
[Site "Moron"]
[Date "2020.01.14"]
[Round "1.1"]
[White "Bova, Carmelo"]
[Black "Herrera, Pablo"]
[Result "0-1"]
[WhiteElo "1897"]
[BlackElo "2089"]
[PlyCount "92"]
[EventDate "2020.01.14"]
[EventType "swiss"]
[EventRounds "6"]
[EventCountry "ARG"]
[SourceTitle "EXT 2024"]
[Source "ChessBase"]
[SourceDate "2023.10.10"]
[SourceVersion "1"]
[SourceVersionDate "2023.10.10"]
[SourceQuality "1"]

1. d4 d6 2. Nf3 Bg4 3. e3 Nf6 4. Be2 g6 5. c4 Bg7 6. Nc3 Nbd7 7. 0-0 c6 8. b3 0-0 9. Bb2 a6 10. h3 Bxf3 11. Bxf3 Qc7 12. Rc1 Rfe8 13. Qc2 Rac8 14. Ne2 e6 15. Ng3 Qb8 16. b4 d5 17. c5 e5 18. Rfe1 exd4 19. Bxd4 h5 20. Qb2 Ne5 21. Be2 Qc7 22. a4 h4 23. Nf1 Qe7 24. Nh2 Bf8 25. Nf3 Nxf3+ 26. Bxf3 Ne4 27. Qc2 f5 28. Bxe4 fxe4 29. Qe2 Qg5 30. Kh1 Rc7 31. Rg1 Rf7 32. Rcf1 Bg7 33. g3 Bxd4 34. exd4 Rf3 35. Kh2 Qf6 36. gxh4 Rf8 37. Rg2 Kh7 38. b5 axb5 39. axb5 Qxh4 40. Rg3 Qf4 41. Kg2 Rxg3+ 42. fxg3 Qxf1+ 43. Qxf1 Rxf1 44. Kxf1 cxb5 45. Ke2 b4 46. Kd2 b3 0-1

[Event "Buenos Aires Philidor CC Christmas"]
[Site "Buenos Aires"]
[Date "2019.12.19"]
[Round "6.7"]
[White "Raffin, Marcelo"]
[Black "Bova, Carmelo"]
[Result "1-0"]
[WhiteElo "1907"]
[BlackElo "1900"]
[PlyCount "71"]
[EventDate "2019.12.03"]
[EventType "swiss"]
[EventRounds "6"]
[EventCountry "ARG"]
[SourceTitle "EXT 2024"]
[Source "ChessBase"]
[SourceDate "2023.10.10"]
[SourceVersion "1"]
[SourceVersionDate "2023.10.10"]
[SourceQuality "1"]

1. d4 d5 2. c4 Nc6 3. Nf3 Nf6 4. Nc3 Bg4 5. cxd5 Nxd5 6. e4 Bxf3 7. gxf3 Nb6 8. Bb5 a6 9. Bxc6+ bxc6 10. Bf4 e6 11. 0-0 Bd6 12. Bg3 0-0 13. Rc1 Qd7 14. Ne2 Nc8 15. a3 Rb8 16. Qc2 Rb6 17. Nc3 Bxg3 18. hxg3 Qxd4 19. Rfd1 Qc5 20. Na4 Qxc2 21. Rxc2 Rb3 22. Kg2 Nb6 23. Nc5 Rb5 24. Nxa6 Na8 25. b4 Rb6 26. Nc5 Re8 27. Rcd2 g6 28. Nd7 Ra6 29. Nf6+ Kf8 30. Nxe8 Kxe8 31. Rd8+ Ke7 32. R1d7+ Kf6 33. f4 g5 34. fxg5+ Ke5 35. Rd4 Rxa3 36. f4# 1-0

[Event "Buenos Aires Martin Sciorra 1st"]
[Site "Buenos Aires"]
[Date "2019.10.17"]
[Round "5.6"]
[White "Bova, Carmelo"]
[Black "Saez, Diego"]
[Result "0-1"]
[WhiteElo "1925"]
[BlackElo "1937"]
[PlyCount "33"]
[EventDate "2019.10.03"]
[EventType "swiss"]
[EventRounds "6"]
[EventCountry "ARG"]
[SourceTitle "EXT 2024"]
[Source "ChessBase"]
[SourceDate "2023.10.10"]
[SourceVersion "1"]
[SourceVersionDate "2023.10.10"]
[SourceQuality "1"]

1. d4 e6 2. Nf3 c5 3. c3 d5 4. Bg5 Nf6 5. h3 h6 6. Bh4 Nc6 7. Ne5 g5 8. Nxc6 bxc6 9. Bg3 Nh5 10. Bh2 Bd6 11. Bxd6 Qxd6 12. Nd2 f5 13. Nf3 0-0 14. Ne5 Kg7 15. e3 cxd4 16. Qxh5 Qxe5 17. Be2 0-1

[Event "Buenos Aires Philidor CC op"]
[Site "Buenos Aires"]
[Date "2019.09.27"]
[Round "2.1"]
[White "Herrera, Pablo"]
[Black "Bova, Carmelo"]
[Result "1-0"]
[WhiteElo "2095"]
[BlackElo "1925"]
[PlyCount "77"]
[EventDate "2019.09.27"]
[EventType "tourn (rapid)"]
[EventRounds "6"]
[EventCountry "ARG"]
[SourceTitle "EXT 2024"]
[Source "ChessBase"]
[SourceDate "2023.10.10"]
[SourceVersion "1"]
[SourceVersionDate "2023.10.10"]
[SourceQuality "1"]

1. b4 d5 2. Bb2 a6 3. Nf3 Nc6 4. a3 e6 5. e3 Nf6 6. d4 Be7 7. Nbd2 0-0 8. c4 dxc4 9. Bxc4 b5 10. Be2 Bb7 11. Rc1 Bd6 12. e4 Bf4 13. Bd3 Qd7 14. 0-0 Rac8 15. Rc2 Rfe8 16. Nb3 Qe7 17. Nc5 Nd8 18. Bc1 Bxc1 19. Qxc1 h6 20. Qf4 c6 21. Rfc1 Qc7 22. Qh4 Nd7 23. e5 Nxc5 24. dxc5 Qe7 25. Qe4 g6 26. h4 h5 27. Rd2 Rc7 28. Rcd1 Rd7 29. Qe3 Kg7 30. Ng5 Rd5 31. f4 Qc7 32. Ne4 Re7 33. Nf6 a5 34. Qg3 Kf8 35. Qg5 Red7 36. Qh6+ Ke7 37. Qh8 Rxe5 38. fxe5 Qxe5 39. Ng8+ 1-0

[Event "Moron Mayor Cup Challengers 1819"]
[Site "Moron"]
[Date "2019.??.??"]
[Round "6.11"]
[White "Serratto, Ricardo Adolfo"]
[Black "Bova, Carmelo"]
[Result "0-1"]
[WhiteElo "1725"]
[BlackElo "1976"]
[PlyCount "54"]
[EventDate "2019.04.01"]
[EventType "tourn"]
[EventRounds "7"]
[EventCountry "ARG"]
[SourceTitle "EXT 2024"]
[Source "ChessBase"]
[SourceDate "2023.10.10"]
[SourceVersion "1"]
[SourceVersionDate "2023.10.10"]
[SourceQuality "1"]

1. e4 e5 2. Nf3 d6 3. h3 Nf6 4. Nc3 Be7 5. d4 Nc6 6. Bb5 exd4 7. Nxd4 Bd7 8. Nxc6 bxc6 9. Bd3 0-0 10. 0-0 Rb8 11. b3 Be6 12. Be3 a5 13. Qe2 Nd7 14. f4 f6 15. Rad1 Qe8 16. Rf3 Bf7 17. Bc4 Kh8 18. Bxf7 Qxf7 19. Qa6 Nb6 20. Bxb6 cxb6 21. Na4 d5 22. exd5 cxd5 23. Qd3 Rfd8 24. Rff1 f5 25. Nc3 d4 26. Ne2 Bc5 27. Qb5 d3+ 0-1

[Event "Moron Amateur-ch"]
[Site "Moron"]
[Date "2018.07.28"]
[Round "7"]
[White "Gonzalez, Luis Federico"]
[Black "Bova, Carmelo"]
[Result "1-0"]
[WhiteElo "1642"]
[BlackElo "1782"]
[PlyCount "43"]
[EventDate "2018.07.17"]
[EventType "swiss"]
[EventRounds "7"]
[EventCountry "ARG"]
[SourceTitle "EXT 2019"]
[Source "ChessBase"]
[SourceDate "2018.10.10"]
[SourceVersion "1"]
[SourceVersionDate "2018.10.10"]
[SourceQuality "1"]

1. d4 d5 2. c4 c6 3. Nc3 e6 4. cxd5 exd5 5. Nf3 Be7 6. h3 Nf6 7. Bg5 Nbd7 8. e3 0-0 9. Bd3 Re8 10. 0-0 Qc7 11. a3 h6 12. Bh4 Bd6 13. Qc2 g5 14. Bxg5 hxg5 15. Nxg5 Kg7 16. Rac1 Qd8 17. Ne2 Rh8 18. Bg6 Rf8 19. Bxf7 Re8 20. Qg6+ Kf8 21. Bxe8 Qe7 22. Bf7 1-0

[Event "Moron Amateur-ch"]
[Site "Moron"]
[Date "2018.07.26"]
[Round "6"]
[White "Bova, Carmelo"]
[Black "Fernandez, Mauricio"]
[Result "1/2-1/2"]
[WhiteElo "1782"]
[BlackElo "1459"]
[PlyCount "63"]
[EventDate "2018.07.17"]
[EventType "swiss"]
[EventRounds "7"]
[EventCountry "ARG"]
[SourceTitle "EXT 2019"]
[Source "ChessBase"]
[SourceDate "2018.10.10"]
[SourceVersion "1"]
[SourceVersionDate "2018.10.10"]
[SourceQuality "1"]

1. d4 f5 2. Nf3 Nf6 3. g3 e6 4. Bg2 Be7 5. c4 0-0 6. Nc3 d5 7. cxd5 exd5 8. 0-0 Ne4 9. e3 c6 10. Ne5 Bd6 11. Nd3 Qe8 12. Qb3 Qg6 13. Nxe4 fxe4 14. Nc5 Bxc5 15. dxc5 Nd7 16. Qc3 Nf6 17. b4 Qh5 18. Bb2 Bh3 19. Qe5 Qxe5 20. Bxe5 Bxg2 21. Kxg2 Ng4 22. Bd4 Rf3 23. h3 Nh6 24. a4 Nf5 25. Be5 Re8 26. Bc3 Re6 27. b5 Rg6 28. Rad1 Nxe3+ 29. fxe3 Rgxg3+ 30. Kh2 Rxh3+ 31. Kg2 Rhg3+ 32. Kh2 1/2-1/2

[Event "Moron Faogba op"]
[Site "Moron"]
[Date "2018.03.06"]
[Round "2"]
[White "Coria, Miguel"]
[Black "Bova, Carmelo"]
[Result "0-1"]
[WhiteElo "1623"]
[BlackElo "1809"]
[PlyCount "79"]
[EventDate "2018.03.03"]
[EventType "swiss"]
[EventRounds "7"]
[EventCountry "ARG"]
[SourceTitle "CBM 183 Extra"]
[Source "ChessBase"]
[SourceDate "2018.04.19"]
[SourceVersion "1"]
[SourceVersionDate "2018.04.19"]
[SourceQuality "1"]

1. Nf3 d6 2. c4 e5 3. d3 Nf6 4. Nc3 Be7 5. g3 Nc6 6. Bg2 0-0 7. 0-0 a6 8. b3 h6 9. Bb2 Rb8 10. Rb1 Re8 11. e4 Bg4 12. h3 Be6 13. Kh2 Qc8 14. Rh1 Nh7 15. Nd5 Bd8 16. Ne3 Rf8 17. d4 exd4 18. Nxd4 Bd7 19. Ndf5 Bf6 20. Qg4 Qd8 21. Bxf6 Qxf6 22. Nd5 Qg5 23. Nxh6+ Qxh6 24. Qxd7 Ne5 25. Qf5 c6 26. f4 g6 27. Nf6+ Kg7 28. Ng4 gxf5 29. Nxh6 Kxh6 30. fxe5 dxe5 31. exf5 Rbd8 32. Rbd1 Kg5 33. g4 Kh4 34. a4 f6 35. b4 Ng5 36. c5 e4 37. Rd6 Rxd6 38. cxd6 Rd8 39. Rd1 Rd7 40. Bf1 0-1

[Event "Buenos Aires Philidor CC Christmas"]
[Site "Buenos Aires"]
[Date "2017.12.??"]
[Round "4.3"]
[White "Gonzalez, Domingo"]
[Black "Bova, Carmelo"]
[Result "1-0"]
[WhiteElo "1978"]
[BlackElo "1842"]
[PlyCount "119"]
[EventDate "2017.12.04"]
[EventType "swiss"]
[EventRounds "6"]
[EventCountry "ARG"]
[SourceTitle "EXT 2024"]
[Source "ChessBase"]
[SourceDate "2023.10.10"]
[SourceVersion "1"]
[SourceVersionDate "2023.10.10"]
[SourceQuality "1"]

1. d4 d5 2. Nf3 Nf6 3. g3 g6 4. Bg2 Bg7 5. 0-0 0-0 6. c4 dxc4 7. Na3 c6 8. Nxc4 Be6 9. Ncd2 Qc8 10. Ng5 Bd7 11. e3 h6 12. Nge4 Bh3 13. Nxf6+ Bxf6 14. Ne4 Bg7 15. Qb3 Bxg2 16. Kxg2 Nd7 17. Bd2 Nb6 18. Rac1 Rb8 19. Nc3 Qd7 20. Rfd1 e6 21. e4 Rfd8 22. Bf4 Ra8 23. Ne2 Qe7 24. Be3 Kh7 25. Nf4 Rd7 26. Rd3 Rad8 27. Rcd1 e5 28. dxe5 Qxe5 29. f3 Qxb2+ 30. Qxb2 Bxb2 31. Bxb6 Rxd3 32. Nxd3 axb6 33. Nxb2 Ra8 34. a4 Kg7 35. Rd7 Ra7 36. e5 Kf8 37. f4 Ke8 38. Rd6 Ke7 39. Kf3 Ra5 40. g4 b5 41. axb5 Rxb5 42. Nd3 Rb3 43. Ke4 Rc3 44. f5 Rc4+ 45. Kf3 gxf5 46. gxf5 h5 47. h3 b5 48. Ke3 b4 49. Rd4 Rc2 50. Nxb4 Rh2 51. Nxc6+ Kf8 52. f6 Rxh3+ 53. Kf2 Kg8 54. Ne7+ Kh7 55. Re4 Kh6 56. Nf5+ Kg5 57. Nd6 Kg6 58. Nxf7 Kxf7 59. e6+ Ke8 60. e7 1-0

[Event "Buenos Aires Philidor CC op"]
[Site "Buenos Aires"]
[Date "2017.11.07"]
[Round "1"]
[White "Ostoich, Mariano Ivan"]
[Black "Bova, Carmelo"]
[Result "1-0"]
[WhiteElo "2045"]
[BlackElo "1842"]
[PlyCount "71"]
[EventDate "2017.11.07"]
[EventType "swiss"]
[EventRounds "7"]
[EventCountry "ARG"]
[SourceTitle "CBM 181 Extra"]
[Source "ChessBase"]
[SourceDate "2017.12.12"]
[SourceVersion "1"]
[SourceVersionDate "2017.12.12"]
[SourceQuality "1"]

1. e4 e5 2. c4 Nf6 3. Nc3 Nc6 4. g3 d6 5. Bg2 Be6 6. d3 Nd4 7. Nge2 Bg4 8. 0-0 Nf3+ 9. Kh1 Qd7 10. Qb3 c6 11. Be3 h5 12. h4 c5 13. Ng1 Nd4 14. Bxd4 cxd4 15. Nd5 Be7 16. Qb5 Nxd5 17. Qxd7+ Bxd7 18. exd5 g5 19. hxg5 Bxg5 20. Bh3 f5 21. f4 exf4 22. gxf4 Bf6 23. Rae1+ Kf7 24. Nf3 Rhg8 25. Kh2 Rae8 26. b4 b6 27. c5 bxc5 28. bxc5 dxc5 29. Ne5+ Bxe5 30. fxe5 Ke7 31. Bxf5 Ref8 32. d6+ Kd8 33. e6 Bxe6 34. Bxe6 Rh8 35. Rxf8+ Rxf8 36. Rb1 1-0

[Event "Moron Philidor CC U2200 15th"]
[Site "Buenos Aires"]
[Date "2017.09.21"]
[Round "6"]
[White "Bova, Carmelo"]
[Black "Conde, Adrian"]
[Result "1/2-1/2"]
[WhiteElo "1807"]
[BlackElo "2116"]
[PlyCount "172"]
[EventDate "2017.09.12"]
[EventType "swiss"]
[EventRounds "7"]
[EventCountry "ARG"]
[SourceTitle "CBM 180 Extra"]
[Source "ChessBase"]
[SourceDate "2017.10.06"]
[SourceVersion "1"]
[SourceVersionDate "2017.10.06"]
[SourceQuality "1"]

1. d4 Nf6 2. Nf3 e6 3. g3 b6 4. Bg2 Bb7 5. 0-0 c5 6. c3 cxd4 7. cxd4 Be7 8. Nc3 0-0 9. Bg5 Na6 10. Rc1 h6 11. Bxf6 Bxf6 12. e4 Rc8 13. Re1 Be7 14. a3 Nc7 15. Qb3 d5 16. e5 Qd7 17. h4 b5 18. Bf1 Rb8 19. Ne2 b4 20. Nf4 bxa3 21. bxa3 Rfc8 22. a4 Ba6 23. Qa2 Bxf1 24. Rxf1 Na6 25. Nd3 Nb4 26. Nxb4 Rxb4 27. Rxc8+ Qxc8 28. Rb1 Qc3 29. Rxb4 Bxb4 30. Kg2 a5 31. Qe2 Qc4 32. Qd1 Be7 33. g4 f6 34. h5 Qc3 35. Qe2 Qc4 36. Qd1 Qb4 37. Kg3 fxe5 38. Nxe5 Bf6 39. Nf3 Qd6+ 40. Kg2 Qf4 41. Kh3 Qe4 42. Kg3 e5 43. dxe5 Bxe5+ 44. Nxe5 Qxe5+ 45. Kg2 Kf7 46. f3 g6 47. hxg6+ Kxg6 48. Qd3+ Kg7 49. Qd2 d4 50. Qd3 Qc5 51. Kf1 Qc1+ 52. Ke2 Qb2+ 53. Qd2 Qb6 54. Qd3 Kf6 55. Qf5+ Ke7 56. Qh7+ Kd8 57. Qg8+ Kc7 58. Qc4+ Kd6 59. Kd3 Qb1+ 60. Kxd4 Qa1+ 61. Ke4 Qe1+ 62. Kf5 Qe5+ 63. Kg6 Qg5+ 64. Kh7 Qe7+ 65. Kxh6 Qf6+ 66. Kh5 Qxf3 67. Qa6+ Ke7 68. Qa7+ Kf6 69. Qb6+ Ke7 70. Qc5+ Ke6 71. Qc8+ Ke7 72. Qc5+ Ke6 73. Qc8+ Ke7 74. Qf5 Qxf5+ 75. gxf5 Kf6 76. Kg4 Kf7 77. Kg5 Kg7 78. f6+ Kf7 79. Kf5 Kf8 80. Ke6 Ke8 81. Kd6 Kf7 82. Kc5 Kxf6 83. Kb5 Ke6 84. Kxa5 Kd7 85. Kb6 Kc8 86. a5 Kb8 1/2-1/2

[Event "Moron Philidor CC U2200 15th"]
[Site "Buenos Aires"]
[Date "2017.09.19"]
[Round "5"]
[White "Mazza, Andres"]
[Black "Bova, Carmelo"]
[Result "1/2-1/2"]
[WhiteElo "1798"]
[BlackElo "1807"]
[PlyCount "94"]
[EventDate "2017.09.12"]
[EventType "swiss"]
[EventRounds "7"]
[EventCountry "ARG"]
[SourceTitle "CBM 180 Extra"]
[Source "ChessBase"]
[SourceDate "2017.10.06"]
[SourceVersion "1"]
[SourceVersionDate "2017.10.06"]
[SourceQuality "1"]

1. g4 d5 2. h3 e5 3. d3 h6 4. Bg2 Be7 5. Nc3 c6 6. e4 d4 7. Nce2 Nf6 8. Ng3 Be6 9. N1e2 0-0 10. 0-0 Nbd7 11. f4 exf4 12. Bxf4 c5 13. Nf5 Nh7 14. Nxe7+ Qxe7 15. Ng3 f6 16. Qe2 Ne5 17. Rae1 Rf7 18. Nf5 Qd7 19. Qf2 Ng6 20. Bc1 a5 21. Bxh6 gxh6 22. Nxh6+ Kh8 23. Nxf7+ Qxf7 24. e5 Kg7 25. exf6+ Nxf6 26. Qg3 Qd7 27. Bxb7 Ra7 28. Bg2 Nd5 29. Be4 Ne3 30. Rf2 Bxa2 31. Bxg6 Kxg6 32. Qe5 Qe7 33. Qh5+ Kg7 34. g5 Qd6 35. Qh4 Rf7 36. Ree2 Bd5 37. Rxf7+ Bxf7 38. Rf2 Nd5 39. Qh6+ Qxh6 40. gxh6+ Kxh6 41. Rxf7 Kg6 42. Ra7 Nb4 43. Rxa5 Nxc2 44. Rxc5 Nb4 45. Rc4 Nxd3 46. b4 Nf4 47. Rxd4 Ne2+ 1/2-1/2

[Event "Moron Philidor CC U2200 15th"]
[Site "Buenos Aires"]
[Date "2017.09.16"]
[Round "3"]
[White "Diaz, Adolfo1111"]
[Black "Bova, Carmelo"]
[Result "0-1"]
[WhiteElo "1343"]
[BlackElo "1807"]
[PlyCount "46"]
[EventDate "2017.09.12"]
[EventType "swiss"]
[EventRounds "7"]
[EventCountry "ARG"]
[SourceTitle "CBM 180 Extra"]
[Source "ChessBase"]
[SourceDate "2017.10.06"]
[SourceVersion "1"]
[SourceVersionDate "2017.10.06"]
[SourceQuality "1"]

1. c4 e5 2. Nf3 d6 3. Nc3 Nf6 4. d4 Nbd7 5. e4 Be7 6. dxe5 dxe5 7. Qc2 0-0 8. Be2 b6 9. 0-0 Bb7 10. Nd2 Nc5 11. Kh1 Ne6 12. Nb3 Nd4 13. Nxd4 exd4 14. Nd5 c5 15. a3 Re8 16. b4 h6 17. Rb1 Rc8 18. a4 Nxd5 19. exd5 cxb4 20. Bg4 Qxd5 21. f3 Qxc4 22. Qd1 Rcd8 23. Rxb4 Qxb4 0-1

[Event "Moron Philidor CC U2200 15th"]
[Site "Buenos Aires"]
[Date "2017.09.14"]
[Round "2"]
[White "Bova, Carmelo"]
[Black "Gonzalez Gastellu, Federico"]
[Result "0-1"]
[WhiteElo "1807"]
[BlackElo "1979"]
[PlyCount "61"]
[EventDate "2017.09.12"]
[EventType "swiss"]
[EventRounds "7"]
[EventCountry "ARG"]
[SourceTitle "CBM 180 Extra"]
[Source "ChessBase"]
[SourceDate "2017.10.06"]
[SourceVersion "1"]
[SourceVersionDate "2017.10.06"]
[SourceQuality "1"]

1. d4 e6 2. Nf3 Nf6 3. g3 b6 4. Bg2 Bb7 5. 0-0 Be7 6. c4 0-0 7. Nc3 d6 8. Re1 c5 9. e3 Nbd7 10. b3 a6 11. Bb2 Rc8 12. Rc1 Rc7 13. d5 e5 14. Qd3 Ne8 15. e4 Bc8 16. Na4 Rb7 17. Nc3 Nc7 18. a4 g6 19. Rcd1 f5 20. Bh3 f4 21. Bxd7 Bxd7 22. Nxe5 fxg3 23. hxg3 Bf6 24. Nxd7 Qxd7 25. Bc1 Qg7 26. Ne2 g5 27. Kg2 b5 28. Qf3 bxc4 29. bxc4 Qd7 30. a5 Qa4 31. Bd2 0-1

[Event "Moron Philidor CC U2200 15th"]
[Site "Buenos Aires"]
[Date "2017.09.12"]
[Round "1"]
[White "Granillo, Eloy Hernan"]
[Black "Bova, Carmelo"]
[Result "0-1"]
[WhiteElo "1359"]
[BlackElo "1807"]
[PlyCount "68"]
[EventDate "2017.09.12"]
[EventType "swiss"]
[EventRounds "7"]
[EventCountry "ARG"]
[SourceTitle "CBM 180 Extra"]
[Source "ChessBase"]
[SourceDate "2017.10.06"]
[SourceVersion "1"]
[SourceVersionDate "2017.10.06"]
[SourceQuality "1"]

1. e4 e5 2. Nf3 d6 3. Nc3 Nf6 4. d4 Nbd7 5. Bg5 Be7 6. Bc4 0-0 7. Qd2 a6 8. 0-0-0 b5 9. Bd3 Bb7 10. h4 exd4 11. Nxd4 Nc5 12. f3 Nxd3+ 13. Qxd3 h6 14. Be3 Nd7 15. Nf5 Bf6 16. g4 Ne5 17. Qe2 Nc4 18. g5 Bxc3 19. bxc3 h5 20. Bd4 g6 21. Bf6 Qb8 22. f4 Re8 23. Ne7+ Kf8 24. Rhf1 Qa7 25. Rd4 Qc5 26. Rxc4 Qxc4 27. Qxc4 bxc4 28. e5 Rxe7 29. Bxe7+ Kxe7 30. Kb2 Rd8 31. Ka3 Kd7 32. Ka4 Kc6 33. Re1 dxe5 34. Rxe5 Kd6 0-1

[Event "Philidor CC op 14th"]
[Site "Moron"]
[Date "2017.07.20"]
[Round "2"]
[White "Plana, Jose"]
[Black "Bova, Carmelo"]
[Result "0-1"]
[WhiteElo "1668"]
[BlackElo "1824"]
[PlyCount "62"]
[EventDate "2017.07.18"]
[EventType "swiss"]
[EventRounds "7"]
[EventCountry "ARG"]
[SourceTitle "EXT 2019"]
[Source "ChessBase"]
[SourceDate "2018.10.10"]
[SourceVersion "1"]
[SourceVersionDate "2018.10.10"]
[SourceQuality "1"]

1. d4 d5 2. c4 c6 3. cxd5 cxd5 4. Bf4 Nf6 5. Nc3 a6 6. Nf3 e6 7. e3 Be7 8. Bd3 Nc6 9. a4 Nh5 10. Bg3 Nxg3 11. hxg3 h6 12. Rc1 0-0 13. Qc2 Bd7 14. Qe2 Rc8 15. Nd2 b5 16. b4 Rc7 17. Nb3 Qc8 18. Nc5 Be8 19. Qg4 f5 20. Qe2 Bg5 21. f4 Bf6 22. Kf2 Bf7 23. Rh2 Re8 24. Rch1 Nxd4 25. Qe1 Nc6 26. Be2 d4 27. Nd1 dxe3+ 28. Nxe3 Nd4 29. Bd1 a5 30. Bh5 Bxh5 31. Rxh5 bxa4 0-1

[Event "Moron Philidor CC 13th"]
[Site "Moron"]
[Date "2017.05.09"]
[Round "1.18"]
[White "Acosta, Daniel Jose"]
[Black "Bova, Carmelo"]
[Result "0-1"]
[WhiteElo "1556"]
[BlackElo "1832"]
[PlyCount "74"]
[EventDate "2017.05.09"]
[EventType "swiss"]
[EventRounds "7"]
[EventCountry "ARG"]
[SourceTitle "EXT 2024"]
[Source "ChessBase"]
[SourceDate "2023.10.10"]
[SourceVersion "1"]
[SourceVersionDate "2023.10.10"]
[SourceQuality "1"]

1. e4 e5 2. Nf3 d6 3. Bc4 Be7 4. d3 Nf6 5. Nc3 0-0 6. h3 a6 7. a3 Nc6 8. 0-0 Bd7 9. Bg5 Rb8 10. Re1 Na5 11. Ba2 b5 12. b4 Nb7 13. Bxf6 Bxf6 14. Nd5 c5 15. Nxf6+ Qxf6 16. Qd2 Rbc8 17. Qg5 Qxg5 18. Nxg5 cxb4 19. axb4 h6 20. Nf3 Rxc2 21. Bd5 Bc6 22. Rxa6 Bxd5 23. exd5 Rfc8 24. Rb6 R8c7 25. Rxb5 Rb2 26. d4 f6 27. dxe5 dxe5 28. Rd1 Nd6 29. Rb8+ Kf7 30. Ne1 e4 31. f3 e3 32. Ra1 Rd2 33. Kf1 Rxd5 34. Ke2 Nf5 35. Ra4 Rd2+ 36. Kf1 Ng3+ 37. Kg1 Rc1 0-1

[Event "Moron Philidor CC U2200"]
[Site "Moron"]
[Date "2016.09.17"]
[Round "3"]
[White "Bova, Carmelo"]
[Black "Torrecillas, Jose Ignacio"]
[Result "0-1"]
[WhiteElo "1848"]
[BlackElo "2080"]
[PlyCount "78"]
[EventDate "2016.09.13"]
[EventType "swiss"]
[EventRounds "7"]
[EventCountry "ARG"]
[SourceTitle "CBM 174 Extra"]
[Source "ChessBase"]
[SourceDate "2016.10.10"]
[SourceVersion "1"]
[SourceVersionDate "2016.10.10"]
[SourceQuality "1"]

1. d4 Nf6 2. Nf3 e6 3. g3 c5 4. c3 b6 5. Bg2 Bb7 6. 0-0 Be7 7. Bg5 0-0 8. Qb3 Qc7 9. Na3 a6 10. Rad1 cxd4 11. Nxd4 Bxg2 12. Kxg2 Nc6 13. Nc4 b5 14. Nxc6 Qxc6+ 15. f3 bxc4 16. Qc2 d5 17. h4 Rab8 18. h5 Qb5 19. Rb1 d4 20. Bh4 d3 21. Qd2 Rfd8 22. e4 h6 23. Qe3 Qc5 24. Qxc5 Bxc5 25. g4 Rd7 26. Bg3 Rbd8 27. Bh4 Be7 28. Rfd1 Nd5 29. Bf2 Nf4+ 30. Kf1 Ne2 31. Bb6 Rb8 32. Be3 Rdb7 33. Bd2 Rxb2 34. Ra1 Rc2 35. a4 Rbb2 36. Be1 Bf6 37. Rdb1 Bxc3 38. Bxc3 Nxc3 39. Rxb2 Rxb2 0-1

[Event "Buenos Aires Perez Cup"]
[Site "Buenos Aires"]
[Date "2016.05.21"]
[Round "7"]
[White "Bova, Carmelo"]
[Black "Carrizo, Franco Nicolas"]
[Result "0-1"]
[WhiteElo "1858"]
[BlackElo "1815"]
[PlyCount "106"]
[EventDate "2016.05.10"]
[EventType "swiss"]
[EventRounds "7"]
[EventCountry "ARG"]
[SourceTitle "CBM 172 Extra"]
[Source "ChessBase"]
[SourceDate "2016.06.21"]
[SourceVersion "1"]
[SourceVersionDate "2016.06.21"]
[SourceQuality "1"]

1. d4 Nf6 2. Nf3 g6 3. g3 Bg7 4. Bg2 0-0 5. 0-0 d5 6. Nc3 c6 7. Bd2 Ne4 8. Be1 f5 9. e3 Nd7 10. Nxe4 fxe4 11. Ng5 Nf6 12. Nh3 Ng4 13. Rc1 e5 14. c3 b6 15. b3 h5 16. Qc2 Ba6 17. c4 exd4 18. exd4 Bxd4 19. Bc3 Qf6 20. Bxd4 Qxd4 21. Rfd1 Qe5 22. Nf4 Rxf4 23. gxf4 Qxf4 24. h3 Qh2+ 25. Kf1 Ne3+ 26. fxe3 Rf8+ 27. Qf2 Qg3 28. Qxf8+ Kxf8 29. Re1 dxc4 30. bxc4 Bc8 31. Bxe4 Bxh3+ 32. Ke2 Bg4+ 33. Kd2 Qd6+ 34. Kc2 Kg7 35. Bd3 Qa3 36. Ra1 b5 37. cxb5 cxb5 38. Red1 Qc5+ 39. Kd2 b4 40. Rdc1 Qe5 41. e4 a5 42. Rab1 Be6 43. Rc2 Qf4+ 44. Kd1 Bg4+ 45. Be2 Qf1+ 46. Kd2 Qxe2+ 47. Kc1 Qxe4 48. Rb3 a4 49. Rb1 Qe1+ 50. Kb2 a3+ 51. Ka1 Qe5+ 52. Rcb2 axb2+ 53. Rxb2 Qc3 0-1

[Event "Buenos Aires Perez Cup"]
[Site "Buenos Aires"]
[Date "2016.05.17"]
[Round "5"]
[White "Bova, Carmelo"]
[Black "Wald, Gabriel"]
[Result "0-1"]
[WhiteElo "1858"]
[BlackElo "1912"]
[PlyCount "72"]
[EventDate "2016.05.10"]
[EventType "swiss"]
[EventRounds "7"]
[EventCountry "ARG"]
[SourceTitle "CBM 172 Extra"]
[Source "ChessBase"]
[SourceDate "2016.06.21"]
[SourceVersion "1"]
[SourceVersionDate "2016.06.21"]
[SourceQuality "1"]

1. d4 Nf6 2. Nf3 g6 3. g3 Bg7 4. Bg2 0-0 5. 0-0 d6 6. Nc3 e6 7. Bd2 Nbd7 8. Qc1 Re8 9. Re1 e5 10. dxe5 dxe5 11. e4 Qe7 12. Bg5 Nc5 13. Qe3 Ne6 14. Bh6 Ng4 15. Qe2 Bxh6 16. Rad1 b6 17. h3 Nf6 18. Nb1 a5 19. c3 Ba6 20. Qc2 Rad8 21. h4 Nc5 22. c4 Rxd1 23. Rxd1 Bc8 24. Nc3 Bg4 25. Re1 Rd8 26. Nh2 Be6 27. b3 Rd2 28. Qb1 Qd8 29. Nf3 Rd3 30. Nd1 Bg4 31. Ne3 Bxf3 32. Bxf3 Bxe3 33. fxe3 Nfxe4 34. g4 Qxh4 35. Bxe4 Nxe4 36. Re2 Qxg4+ 0-1

[Event "Buenos Aires Perez Cup"]
[Site "Buenos Aires"]
[Date "2016.05.14"]
[Round "4"]
[White "Senorano, Luciano"]
[Black "Bova, Carmelo"]
[Result "0-1"]
[WhiteElo "1699"]
[BlackElo "1858"]
[PlyCount "160"]
[EventDate "2016.05.10"]
[EventType "swiss"]
[EventRounds "7"]
[EventCountry "ARG"]
[SourceTitle "CBM 172 Extra"]
[Source "ChessBase"]
[SourceDate "2016.06.21"]
[SourceVersion "1"]
[SourceVersionDate "2016.06.21"]
[SourceQuality "1"]

1. e4 d6 2. d4 e6 3. Nf3 Be7 4. Nc3 Nf6 5. Bd3 Nbd7 6. 0-0 0-0 7. Bg5 h6 8. Bxf6 Nxf6 9. e5 dxe5 10. dxe5 Nh7 11. Qe2 c6 12. Rad1 Qc7 13. Qe4 g6 14. Qf4 Kg7 15. Ne4 b5 16. h4 Bb7 17. Ng3 c5 18. Bxb5 Bd5 19. c4 Bb7 20. Rd7 Qb6 21. Rxe7 a6 22. Ba4 Rad8 23. Bd7 Qc7 24. Rd1 Bc6 25. Qd2 Bxf3 26. gxf3 Qxe5 27. Qc3 Qxc3 28. bxc3 Kf6 29. Rxe6+ fxe6 30. Ne4+ Ke7 31. Nxc5 Nf6 32. Ba4 Rxd1+ 33. Bxd1 Rc8 34. Nxa6 Rxc4 35. Kg2 Rxc3 36. Bb3 Nd7 37. Nb4 Ne5 38. Bc2 Rc4 39. a3 Rxh4 40. Kg3 Rc4 41. f4 Rc3+ 42. Kg2 Nd7 43. Bxg6 Rxa3 44. Bh5 Kf6 45. f3 Nc5 46. Kg3 Ra4 47. Nc2 Nd3 48. Be8 Ra7 49. Ne3 Ra1 50. Ng4+ Kg7 51. Bb5 Nc5 52. Kg2 Nb3 53. Bc4 Nd4 54. Ne5 h5 55. Bd3 Ra3 56. Be4 Ne2 57. Nd3 Kf6 58. Kf2 Nc3 59. Nc5 h4 60. Kg2 Ne2 61. Nd3 Ng3 62. Nc5 Rc3 63. Nd7+ Ke7 64. Ne5 Kf6 65. Ng4+ Ke7 66. Nf2 Ne2 67. Kh3 Nxf4+ 68. Kxh4 e5 69. Ng4 Kd6 70. Nh6 Rc1 71. Kg4 Rg1+ 72. Kf5 Rg7 73. Kf6 Nh5+ 74. Kf5 Re7 75. Kg5 Ng3 76. Nf5+ Nxf5 77. Kxf5 Rf7+ 78. Kg6 Rf4 79. Kg5 Kc5 80. Ba8 Kd4 0-1